Titoli di film che contengono animali #5 - Statistics

Statistiche generali
  • Questo quiz è stato fatto 92 volte
  • Il punteggio medio è 4 su 10
Statistiche sulle risposte
Titoli dei film (incompleti) Animali % Corretto
Come ________ e gatti Cani
96%
Mai gridare al ________ Lupo
78%
Un ________ sotto sfratto Topolino
51%
Paulie, il ________ che parlava troppo Pappagallo
41%
Il rapporto ________ Pelican
29%
Una ________ con le ali insanguinate Farfalla
28%
________ rossi in un labirinto di vetro Gatti
24%
La ________ dal ventre nero Tarantola
10%
Il ________ in doppio petto Cavallo
8%
Un ________ per amico Ghepardo
6%
Nessun quiz corrispondente trovato
Distribuzione punteggi
Percentuale di utenti per punteggio
Percentile per numero di risposta
I tuoi punteggi nel tempo
Non hai fatto questo quiz